|
|
|
|
| LEADER |
00000nab a2200000 a 4500 |
| 001 |
vtls008828430 |
| 003 |
SK-MaSNL |
| 005 |
20260304135309.0 |
| 008 |
250505c2006 xo mr|p|||||||000 b|slo |
| 015 |
|
|
|a SNBRB2006/06
|
| 035 |
|
|
|a (sysno)vtls008828430
|
| 035 |
|
|
|a urn:nbn:sk:snk-ab74hm
|
| 035 |
|
|
|a (uuid)584fa5fa-5a87-43bf-adcc-e36dadbe6bbb
|
| 035 |
|
|
|a (urnnbn)urn:nbn:sk:snk:ar-a06tcf
|
| 038 |
|
|
|a SNKBUCL
|
| 040 |
|
|
|a SNKBUCL
|b slo
|c SNKBUCL
|e AACR2
|
| 041 |
0 |
|
|a slo
|
| 044 |
|
|
|a xo
|c SK
|
| 080 |
|
|
|a 347
|2 1997
|
| 080 |
|
|
|a 347.95
|2 1997
|
| 245 |
0 |
0 |
|a Občianske právo
|c Eva Babiaková ... [et al.]
|
| 650 |
0 |
7 |
|a občianske právo
|2 snkbucl
|9 981
|
| 650 |
0 |
7 |
|a súdne spory
|2 snkbucl
|9 59780
|
| 650 |
0 |
7 |
|a súdne rozhodnutia a stanoviská
|2 snkbucl
|9 4638
|
| 700 |
1 |
|
|a Babiaková, Eva
|4 aut
|9 337856
|
| 700 |
1 |
|
|a Ľalík, Milan,
|d 1953-
|4 aut
|9 248683
|
| 700 |
1 |
|
|a Sučanská, Daniela
|4 aut
|9 534586
|
| 700 |
1 |
|
|a Minárik, Štefan
|4 aut
|9 278173
|
| 700 |
1 |
|
|a Ďurišová, Zuzana
|4 aut
|9 279539
|
| 773 |
0 |
|
|t Zo súdnej praxe
|g Roč. 11, č. 3 (2006), s. 82-96
|x 1335-177X
|
| 850 |
|
|
|a Slovenská národná knižnica
|
| 852 |
|
|
|a Slovenská národná knižnica
|
| 954 |
|
|
|a odborná, vedecká literatúra pôvodná (slovenská)
|2 lita
|
| 958 |
|
|
|a article27
|
| 958 |
|
|
|a SK
|
| 958 |
|
|
|a OND
|
| 958 |
|
|
|a EUIPO
|
| 999 |
|
|
|c 2910149
|d 2912079
|